1523 1702 1146 1265 1674 1743 1751 1426 1271 1749 1783 1793 1112 1619 1481 1626 1108 1524 1901 1942 1855 1767 1795 1748 1603 1380 1040 1784 1116 1155 1862 1601 1108 1224 1914 1584 1851 1374 1544 1711 1618 1532 1263 1811 1719 1977 1748 1549 1702 1866 1940 1385 1800 1436 1881 1489 1238 1156 1336 1881 1934 1635 1435 1538 1958 1753 1852 1688 1897 1994 1271 1274 1503 1010 1398 1895 1748 1013 1714 1320 1955 1569 1211 1457 1381 1885 1933 1161 1590 1276 1062 1319 1701 1994 1885 1085 1386 1645 1913 BCNSPRNW ULIB Ver.6.0+V

เปลี่ยนเป็นภาษาไทย

Change to English
 แสดงรายละเอียดบรรณานุกรม
  กลับหน้าหลัก

Brief Record : Get Marc (ISO 2709) : E-mail record : QR code < ปิดหน้าต่าง
LEADER : 00000nam 2200000uu 4500
001    13399128675
003     ULIB
008    230928s||||||||th 000 0 tha d
020    ^a8856652048370
060    ^aWS440^bป541น
100    ^aป้านกใหญ่
245    ^aนิทานเสริมสร้างทักษะในการใช้ชีวิต สอนให้เด็กมีความมั่นใจ และเกิดพัฒนาการตามวัยอย่างเหมาะสม หนูทำเอง หนูเก่งจัง : Do it By Yourseif, You Are Good
250    ^aพิมพ์ครั้งที่ 1
260    ^aกรุงเทพฯ :^bบริษัท วรรณาพับลิชชิ่ง จำกัด,^cม.ป.ป.
300    ^a24 หน้า;^c19 ซม.
650    ^aนิทานเด็ก
650    ^aเด็ก-พัฒนาการ
945    ^p50^l0^i30047
999    ^aกัณชพร จุลอักษร
รายการนี้ยังไม่มีแท็ก
คุณยังไม่ได้ล็อกอิน คุณสามารถมีกิจกรรมร่วมกับเว็บไซต์ได้ แต่ต้องล็อกอินก่อน ::
  ล็อกอิน

รายการสื่อสารสนเทศ

ลำดับที่ ประเภท เลขเรียก/บาร์โค้ด สถานที่ สถานะ
1. วิทยาศาสตร์การแพทย์ และสุขภาพ
วิทยาศาสตร์การแพทย์ และสุขภาพ
WS440 ป541น ฉ.1 
  Barcode: 30047
ห้องสมุดวิทยาเขตนครสวรรค์
►หนังสือทั่วไป:l:General Books
บนชั้น

รายการใกล้เคียง
    ชื่อเรื่อง [นิทานเสริมสร้างทักษะในการใช้ชีวิต สอนให้เด็กมีความมั่นใจ และเกิดพัฒนาการตามวัยอย่างเหมาะสม หนูทำเอง หนูเก่งจัง : Do it By Yourseif, You Are Good]

    ผู้แต่ง [ป้านกใหญ่]

    หัวเรื่อง [นิทานเด็ก]
    หัวเรื่อง [เด็ก-พัฒนาการ]

BibComment


ยังไม่เคยถูกคอมเมนท์

คอมเมนท์ทรัพยากรรายการนี้
  คอมเมนท์: นิทานเสริมสร้างท..


 Copyright 2026. Bcnsprnw @Library